Inconsistencies in revised PPG17 on sport (Record no. 68438)

MARC details
000 -LEADER
fixed length control field 01412cam a2200265 4500
001 - CONTROL NUMBER
control field ABS64589
008 - FIXED-LENGTH DATA ELEMENTS--GENERAL INFORMATION
fixed length control field 011002n2001 000 0 eng u
035 ## - SYSTEM CONTROL NUMBER
System control number (Sirsi) u114948
245 ## - TITLE STATEMENT
Title Inconsistencies in revised PPG17 on sport
260 ## - PUBLICATION, DISTRIBUTION, ETC.
Date of publication, distribution, etc. 2001
490 ## - SERIES STATEMENT
Series statement Planning (for the Natural and Built Environment)
Volume/sequential designation (1438) 28 September 2001, 22(1)
520 ## - SUMMARY, ETC.
Summary, etc. Details the main responses of the Royal Town Planning Institute (RTPI) to the draft revision of PPG 17: "Sport, open space and recreation". Overall the RTPI welcomes the consultation on the draft, which it feels rightly stresses the importance of locating facilities on sites that are accessible other than by car. However, it is also critical of a number of aspects of the draft revision. For instance, it feels that the draft PPG needs to be more consistent in referring to formal and informal facilities, which range tremendously in scale and importance. The RTPI's full response can be obtained from: Phillippa Millbrook, Public Affairs. Email: [email protected]
590 ## - LOCAL NOTE (RLIN)
Local note ABS
650 ## - SUBJECT ADDED ENTRY--TOPICAL TERM
Topical term or geographic name entry element ROYAL TOWN PLANNING INSTITUTE
650 ## - SUBJECT ADDED ENTRY--TOPICAL TERM
Topical term or geographic name entry element PPG17
650 ## - SUBJECT ADDED ENTRY--TOPICAL TERM
Topical term or geographic name entry element DRAFT
650 ## - SUBJECT ADDED ENTRY--TOPICAL TERM
Topical term or geographic name entry element REVISION
650 ## - SUBJECT ADDED ENTRY--TOPICAL TERM
Topical term or geographic name entry element CONSULTATION
650 ## - SUBJECT ADDED ENTRY--TOPICAL TERM
Topical term or geographic name entry element SPORTS FACILITIES
650 ## - SUBJECT ADDED ENTRY--TOPICAL TERM
Topical term or geographic name entry element RECREATION
650 ## - SUBJECT ADDED ENTRY--TOPICAL TERM
Topical term or geographic name entry element OPEN SPACES
650 ## - SUBJECT ADDED ENTRY--TOPICAL TERM
Topical term or geographic name entry element LEISURE
690 ## - LOCAL SUBJECT ADDED ENTRY--TOPICAL TERM (OCLC, RLIN)
Topical term or geographic name as entry element ENVIRONMENTAL AND LAND CONSULTANCY-PLANNING AND DEVELOPMENT
942 ## - ADDED ENTRY ELEMENTS (KOHA)
Suppress in OPAC 0
Holdings
Withdrawn status Lost status Source of classification or shelving scheme Damaged status Not for loan Home library Current library Shelving location Date acquired Total Checkouts Full call number Barcode Date last seen Copy number Price effective from Koha item type
    Dewey Decimal Classification     London London Journal article 02/10/2001   ABS64589 114948-1001 06/08/2019 1 06/08/2019 Journal article